000 01184nam2a2200205 4500
001 RU\NLR\PER_A\003031563_000320
005 20250626083023.0
035 _a(NLR Aleph) 011517859
090 _a12081560
_c12081560
100 _a20171108d2017 |||y0rusy50 ca
101 0 _arus
102 _aRU
200 0 _a2017, № 4
210 _d2017
_aБ. м.
461 0 _1001RU\NLR\Per\786580
_12001#$aФорум плюс$eинформационное издание Межгосударственного фонда по гуманитарному сотрудничеству СНГ и Совета по гуманитарному сотрудничеству государств-участников СНГ$v2017, № 4
_91963534
_cМосква
_d2007 -
_nКультиздат
_oинформационное издание Межгосударственного фонда по гуманитарному сотрудничеству СНГ и Совета по гуманитарному сотрудничеству государств-участников СНГ
_tФорум плюс
_v2017, № 4
852 _aNLR
_jП23/8217
942 _cISSUE
980 _aNB
980 _aRUSPER